000 00367nam a2200133Ia 4500
005 20260328104252.0
008 260328s9999||||xx |||||||||||||| ||und||
100 _aLeal, Felipe
245 0 _aEspacio Público :
_b Ciudad de México 2009-2012 /
_cFelipe Leal
260 _bAutoridad del Espacio Público
300 _a209 p.
650 _aESPACIO PUBLICO
942 _cBK
999 _c10287
_d10287